| 000 | 01005cam a2200217 4500 | ||
|---|---|---|---|
| 001 | ABS65149 | ||
| 008 | 020307n2002 000 0 eng u | ||
| 035 | _a(Sirsi) u117039 | ||
| 100 | _aWilliams, C. | ||
| 245 | _aPlanning major projects: a need for change | ||
| 260 | _c2002 | ||
| 490 |
_aFacilities Management _v9(5) February 2002, 24-25(2) |
||
| 520 | _aInvestigates whether the planning green paper will prevent the sort of delay which beset Terminal Five development. Main points of the green paper deal with the need for clear statements of national policy, set in place before a major planning inquiry begins, and the possibility of separating the approval of a project in principle from the consideration of local impacts.The paper maintains the right to be involved in comment and public debate. | ||
| 590 | _aABS | ||
| 650 | _aTERMINAL 5 | ||
| 650 | _aGREEN PAPER | ||
| 650 | _aINQUIRIES | ||
| 650 | _aPLANNING INQUIRIES | ||
| 690 | _aMANAGEMENT-FACILITIES MANAGEMENT | ||
| 942 | _n0 | ||
| 999 |
_c69728 _d69728 |
||